| 000 -LEADER |
| fixed length control field |
01418nam a22004217a 4500 |
| 001 - CONTROL NUMBER |
| control field |
1656530 |
| 003 - CONTROL NUMBER IDENTIFIER |
| control field |
OSt |
| 005 - DATE AND TIME OF LATEST TRANSACTION |
| control field |
20210426123631.0 |
| 008 - FIXED-LENGTH DATA ELEMENTS--GENERAL INFORMATION |
| fixed length control field |
970627s1997 nyua b 001 0beng d |
| 010 ## - LIBRARY OF CONGRESS CONTROL NUMBER |
| LC control number |
97071924 |
| 020 ## - INTERNATIONAL STANDARD BOOK NUMBER |
| International Standard Book Number |
0679402853 |
| 035 ## - SYSTEM CONTROL NUMBER |
| System control number |
(OCoLC)37112319 |
| 040 ## - CATALOGING SOURCE |
| Original cataloging agency |
MB |
| Transcribing agency |
MB |
| Modifying agency |
CBu |
| -- |
DLC |
| Language of cataloging |
eng |
| 041 1# - LANGUAGE CODE |
| Language code of text/sound track or separate title |
eng |
| Language code of original |
fre |
| 042 ## - AUTHENTICATION CODE |
| Authentication code |
lccopycat |
| 043 ## - GEOGRAPHIC AREA CODE |
| Geographic area code |
e-be--- |
| 050 00 - LIBRARY OF CONGRESS CALL NUMBER |
| Classification number |
PQ2637.I53 |
| Item number |
Z5713 1997 |
| 080 ## - UNIVERSAL DECIMAL CLASSIFICATION NUMBER |
| Universal Decimal Classification number |
92 |
| Item number |
A-88 |
| 082 00 - DEWEY DECIMAL CLASSIFICATION NUMBER |
| Classification number |
843/.912 |
| -- |
B |
| Edition number |
21 |
| 100 1# - MAIN ENTRY--PERSONAL NAME |
| Personal name |
Assouline, Pierre. |
| 240 10 - UNIFORM TITLE |
| Uniform title |
Simenon. |
| Language of a work |
English |
| 245 10 - TITLE STATEMENT |
| Title |
Simenon : |
| Remainder of title |
a biography / |
| Statement of responsibility, etc. |
/ by: Alfred A. Knopf |
| 250 ## - EDITION STATEMENT |
| Edition statement |
1st American edition |
| 260 ## - PUBLICATION, DISTRIBUTION, ETC. |
| Place of publication, distribution, etc. |
New York |
| Name of publisher, distributor, etc. |
Alfred A. Knopf |
| Date of publication, distribution, etc. |
1997. |
| 300 ## - PHYSICAL DESCRIPTION |
| Extent |
xiii, 447 p., [16] p. of plates |
| Other physical details |
ill. |
| Dimensions |
25 cm. |
| 365 ## - TRADE PRICE |
| Price amount |
32.50 usd |
| 504 ## - BIBLIOGRAPHY, ETC. NOTE |
| Bibliography, etc. note |
Includes bibliographical references (p. 419-434) and index. |
| 600 10 - SUBJECT ADDED ENTRY--PERSONAL NAME |
| Personal name |
Simenon, Georges, |
| Dates associated with a name |
1903-1989. |
| 650 #0 - SUBJECT ADDED ENTRY--TOPICAL TERM |
| Topical term or geographic name entry element |
Novelists, Belgian |
| Chronological subdivision |
20th century |
| General subdivision |
Biography. |
| 650 #0 - SUBJECT ADDED ENTRY--TOPICAL TERM |
| Topical term or geographic name entry element |
Biography |
| 9 (RLIN) |
237 |
| 653 ## - INDEX TERM--UNCONTROLLED |
| Uncontrolled term |
ბიოგრაფია |
| 700 ## - ADDED ENTRY--PERSONAL NAME |
| 9 (RLIN) |
759 |
| Personal name |
Rothschild, Jon |
| Relator term |
Translator |
| 856 42 - ELECTRONIC LOCATION AND ACCESS |
| Materials specified |
Publisher description |
| Uniform Resource Identifier |
<a href="http://www.loc.gov/catdir/description/random0410/97071924.html">http://www.loc.gov/catdir/description/random0410/97071924.html</a> |
| 906 ## - LOCAL DATA ELEMENT F, LDF (RLIN) |
| a |
7 |
| b |
cbc |
| c |
copycat |
| d |
2 |
| e |
opcn |
| f |
19 |
| g |
y-gencatlg |
| 942 ## - ADDED ENTRY ELEMENTS (KOHA) |
| Source of classification or shelving scheme |
|
| Koha item type |
Books |
| Edition |
1 |